[Event "Voronezh op-A 21st"]
[Site "Voronezh"]
[Date "2017.06.20"]
[Round "8"]
[White "Ponomarev, Dmitry"]
[Black "Obolentseva, Alexandra"]
[Result "1-0"]
[WhiteElo "2417"]
[BlackElo "2283"]
[PlyCount "87"]
[EventDate "2017.06.12"]
[EventType "swiss"]
[EventRounds "9"]
[EventCountry "RUS"]
[SourceTitle "EXT 2018"]
[Source "ChessBase"]
[SourceDate "2017.10.13"]
[SourceVersion "1"]
[SourceVersionDate "2017.10.13"]
[SourceQuality "1"]

1. d4 Nf6 2. Bg5 Ne4 3. Bf4 c5 4. f3 Nf6 5. d5 d6 6. e4 g6 7. Nc3 Bg7 8. Qd2 a6 9. a4 Qb6 10. Qc1 0-0 11. a5 Qd8 12. Bc4 e6 13. Nge2 exd5 14. exd5 b5 15. axb6 Qxb6 16. 0-0 Nbd7 17. Bh6 Bxh6 18. Qxh6 Ne5 19. b3 Qd8 20. Ng3 Ra7 21. Be2 Re8 22. Ra4 c4 23. Bxc4 Bd7 24. Raa1 Nxc4 25. bxc4 a5 26. Qf4 Re5 27. Qd4 Rb7 28. f4 Re8 29. Nge4 Nxe4 30. Nxe4 Rxe4 31. Qxe4 Qb6+ 32. Kh1 Bf5 33. Qe1 Qc5 34. Qc3 Qb4 35. Qd4 Bxc2 36. Rfe1 Rb8 37. h3 Bb3 38. Re4 Rc8 39. Rae1 Ba4 40. Qa1 Bd7 41. Re7 Ba4 42. R1e4 Qb3 43. c5 Bb5 44. c6 1-0

[Event "Voronezh op-A 21st"]
[Site "Voronezh"]
[Date "2017.06.19"]
[Round "7"]
[White "Murtazin, Ruslan"]
[Black "Ponomarev, Dmitry"]
[Result "1-0"]
[WhiteElo "2359"]
[BlackElo "2417"]
[PlyCount "109"]
[EventDate "2017.06.12"]
[EventType "swiss"]
[EventRounds "9"]
[EventCountry "RUS"]
[SourceTitle "EXT 2018"]
[Source "ChessBase"]
[SourceDate "2017.10.13"]
[SourceVersion "1"]
[SourceVersionDate "2017.10.13"]
[SourceQuality "1"]

1. e4 d6 2. d4 Nf6 3. Nc3 c6 4. f4 Qa5 5. Bd3 e5 6. Nf3 Nbd7 7. 0-0 Be7 8. h3 0-0 9. Be3 Qc7 10. Qd2 b5 11. a4 b4 12. Ne2 c5 13. c3 c4 14. Bb1 Bb7 15. Ng3 b3 16. a5 Rfe8 17. Qe2 Ba6 18. Nd2 Qc6 19. Nf5 Bf8 20. g4 Kh8 21. g5 Ng8 22. Ng3 f6 23. h4 exd4 24. Bxd4 Nc5 25. h5 d5 26. Qf3 dxe4 27. Ngxe4 Ne6 28. Be3 f5 29. Ng3 Qxf3 30. Nxf3 g6 31. Ne5 Ne7 32. hxg6 hxg6 33. Nxg6+ Nxg6 34. Bxf5 Nh4 35. Be4 Rad8 36. Kf2 Bc5 37. Rh1 Rd2+ 38. Ne2 Bxe3+ 39. Kxe3 Rxe2+ 40. Kxe2 Nxf4+ 41. Kd2 Rxe4 42. Rxh4+ Kg7 43. Rf1 Re2+ 44. Kd1 Rxb2 45. Rhxf4 Ra2 46. Rf7+ Kg8 47. Rf8+ Kg7 48. R8f7+ Kg8 49. Rf8+ Kg7 50. R1f7+ Kg6 51. Rf6+ Kg7 52. R8f7+ Kg8 53. Rxa7 Bb5 54. Rb6 Be8 55. Rb8 1-0

[Event "Voronezh op-A 20th"]
[Site "Voronezh"]
[Date "2016.06.15"]
[Round "4"]
[White "Rozhkov, Viacheslav"]
[Black "Ponomarev, Dmitry"]
[Result "1/2-1/2"]
[WhiteElo "2319"]
[BlackElo "2423"]
[PlyCount "83"]
[EventDate "2016.06.12"]
[EventType "swiss"]
[EventRounds "9"]
[EventCountry "RUS"]
[SourceTitle "EXT 2019"]
[Source "ChessBase"]
[SourceDate "2018.10.10"]
[SourceVersion "1"]
[SourceVersionDate "2018.10.10"]
[SourceQuality "1"]

1. e4 d6 2. d4 Nf6 3. Nc3 e5 4. Nf3 Nbd7 5. Bc4 Be7 6. 0-0 0-0 7. a4 a6 8. h3 b6 9. Qe2 Bb7 10. Rd1 Qe8 11. Ba2 Bd8 12. Re1 h6 13. dxe5 dxe5 14. Nh4 Kh7 15. Nf5 Ng8 16. Bc4 g6 17. Ne3 c6 18. Nf1 b5 19. axb5 axb5 20. Rxa8 Bxa8 21. Ba2 Qe7 22. Be3 Ba5 23. Ra1 Bb4 24. Bb3 Nc5 25. Nd2 Nf6 26. f3 Nh5 27. Qf2 Bb7 28. Ra7 Rd8 29. Na2 Nxb3 30. Nxb4 Qxb4 31. Nxb3 Bc8 32. Rxf7+ Kg8 33. Ra7 Be6 34. Nc5 Qxb2 35. Nd3 Qb1+ 36. Kh2 g5 37. Bb6 Rf8 38. Bc5 Rd8 39. Be7 Rd4 40. Ra8+ Kh7 41. Ra7 Kg8 42. Ra8+ 1/2-1/2

[Event "Voronezh op-A 20th"]
[Site "Voronezh"]
[Date "2016.06.14"]
[Round "3"]
[White "Ponomarev, Dmitry"]
[Black "Rozum, Ivan"]
[Result "0-1"]
[WhiteElo "2423"]
[BlackElo "2560"]
[PlyCount "130"]
[EventDate "2016.06.12"]
[EventType "swiss"]
[EventRounds "9"]
[EventCountry "RUS"]
[SourceTitle "CBM 173 Extra"]
[Source "ChessBase"]
[SourceDate "2016.08.29"]
[SourceVersion "1"]
[SourceVersionDate "2016.08.29"]
[SourceQuality "1"]

1. d4 Nf6 2. c4 e6 3. g3 d5 4. Nf3 Bb4+ 5. Bd2 Bd6 6. Nc3 c6 7. Qc2 Nbd7 8. e4 dxe4 9. Nxe4 Nxe4 10. Qxe4 Qe7 11. 0-0-0 Nf6 12. Qh4 b6 13. Bg2 Bb7 14. Ne5 Qc7 15. Rhe1 h6 16. f4 0-0-0 17. Qh3 Kb8 18. f5 Rhe8 19. fxe6 Rxe6 20. Qf5 Rde8 21. Bc3 a5 22. c5 bxc5 23. Nc4 cxd4 24. Bxa5 Qe7 25. Qf3 Bc7 26. Rxe6 fxe6 27. Rxd4 Bxa5 28. Nxa5 Qc5+ 29. Qc3 Qxc3+ 30. bxc3 c5 31. Rd2 Bxg2 32. Rxg2 Kc7 33. Rb2 Nd7 34. Rb7+ Kd6 35. Nc4+ Kd5 36. Na5 Kd6 37. Nc4+ Kd5 38. Na5 Ne5 39. Nb3 Ra8 40. Kb1 Rf8 41. Rxg7 Rf1+ 42. Kc2 Rf2+ 43. Kd1 Rxa2 44. Nd2 Nc4 45. Nxc4 Kxc4 46. h4 Kxc3 47. Re7 Kd3 48. Kc1 Re2 49. Kd1 Rg2 50. Rd7+ Ke4 51. Rc7 c4 52. g4 Rxg4 53. Rxc4+ Kf5 54. Rc5+ e5 55. h5 Rh4 56. Ke2 Kf4 57. Rc4+ e4 58. Rc5 Rh2+ 59. Kf1 Kf3 60. Kg1 Rh4 61. Ra5 e3 62. Rf5+ Ke2 63. Ra5 Rg4+ 64. Kh2 Kf3 65. Kh3 Rg5 0-1

[Event "Voronezh op-A 19th"]
[Site "Voronezh"]
[Date "2015.06.18"]
[Round "7"]
[White "Kokarev, Dmitry"]
[Black "Ponomarev, Dmitry"]
[Result "1/2-1/2"]
[WhiteElo "2639"]
[BlackElo "2409"]
[PlyCount "82"]
[EventDate "2015.06.12"]
[EventType "swiss"]
[EventRounds "9"]
[EventCountry "RUS"]
[SourceTitle "CBM 167 Extra"]
[Source "ChessBase"]
[SourceDate "2015.09.14"]
[SourceVersion "1"]
[SourceVersionDate "2015.09.14"]
[SourceQuality "1"]

1. e4 d6 2. d4 Nf6 3. Nc3 e5 4. Nf3 Nbd7 5. Bc4 Be7 6. a4 0-0 7. 0-0 c6 8. Re1 a5 9. h3 Nb6 10. Bf1 exd4 11. Nxd4 d5 12. e5 Ne8 13. Nce2 g6 14. Bh6 Ng7 15. Nf3 Re8 16. Ned4 Ne6 17. c3 Nxd4 18. Qxd4 Be6 19. Qd2 Nd7 20. Bd3 Bf8 21. Nd4 f6 22. Bxf8 Nxf8 23. f4 Bf7 24. Nf3 fxe5 25. Nxe5 Nd7 26. Nxf7 Kxf7 27. f5 Qh4 28. fxg6+ hxg6 29. Rf1+ Kg7 30. Rf4 Qe7 31. Raf1 Ne5 32. Bc2 Rf8 33. Qd4 Rxf4 34. Rxf4 Rf8 35. Rxf8 Kxf8 36. Kf2 Kf7 37. Qf4+ Kg7 38. Qd4 Kf7 39. Qf4+ Kg7 40. Qd4 Kf7 41. Qf4+ Kg7 1/2-1/2

[Event "Chigorin Memorial 22nd"]
[Site "St Petersburg"]
[Date "2014.10.26"]
[Round "9"]
[White "Kiselev, Pavel"]
[Black "Ponomarev, Dmitry"]
[Result "0-1"]
[WhiteElo "2216"]
[BlackElo "2413"]
[PlyCount "71"]
[EventDate "2014.10.18"]
[EventType "swiss"]
[EventRounds "9"]
[EventCountry "RUS"]
[SourceTitle "EXT 2015"]
[Source "ChessBase"]
[SourceDate "2014.11.20"]
[SourceVersion "1"]
[SourceVersionDate "2014.11.20"]
[SourceQuality "1"]

1. e4 d6 2. d4 Nf6 3. Bd3 e5 4. d5 Nbd7 5. Nc3 g6 6. Bg5 Bg7 7. f3 h6 8. Be3 c6 9. Bc4 Nb6 10. Bb3 cxd5 11. exd5 Nfd7 12. Ne4 Qc7 13. c4 f5 14. c5 dxc5 15. d6 Qc6 16. Nxc5 Nxc5 17. Rc1 Nbd7 18. Bc4 Bf8 19. Bxc5 Nxc5 20. b4 Qxd6 21. Qxd6 Bxd6 22. bxc5 Bf8 23. Bd5 Rb8 24. Nh3 Rh7 25. 0-0 Rc7 26. Rfe1 Bxc5+ 27. Kf1 Bd6 28. Rxc7 Bxc7 29. Nf4 Ke7 30. Nxg6+ Kf6 31. Nh4 Bd7 32. g3 Bb5+ 33. Kg2 Rd8 34. Bb3 Rd2+ 35. Kh3 Rf2 36. Rc1 0-1

[Event "Chigorin Memorial 22nd"]
[Site "St Petersburg"]
[Date "2014.10.23"]
[Round "6"]
[White "Ponomarev, Dmitry"]
[Black "Khairullin, Ildar"]
[Result "0-1"]
[WhiteElo "2413"]
[BlackElo "2643"]
[PlyCount "58"]
[EventDate "2014.10.18"]
[EventType "swiss"]
[EventRounds "9"]
[EventCountry "RUS"]
[SourceTitle "EXT 2015"]
[Source "ChessBase"]
[SourceDate "2014.11.20"]
[SourceVersion "1"]
[SourceVersionDate "2014.11.20"]
[SourceQuality "1"]

1. c4 f5 2. g3 Nf6 3. Bg2 g6 4. Nc3 Bg7 5. d3 d6 6. e3 0-0 7. Nge2 Nc6 8. 0-0 e5 9. b3 Be6 10. d4 Bf7 11. dxe5 dxe5 12. Ba3 Re8 13. Bxc6 bxc6 14. Qxd8 Raxd8 15. Rad1 g5 16. Rxd8 Rxd8 17. Be7 Rd3 18. Bxf6 Bxf6 19. h3 h5 20. Rc1 h4 21. gxh4 gxh4 22. Rd1 e4 23. Rc1 Be5 24. Nb1 Bh5 25. Kf1 Kf7 26. b4 Kf6 27. b5 Bb2 28. Re1 Bf7 29. bxc6 Bxc4 0-1

[Event "Voronezh op-A 18th"]
[Site "Voronezh"]
[Date "2014.06.18"]
[Round "6"]
[White "Fedorov, Alexei"]
[Black "Ponomarev, Dmitry"]
[Result "1-0"]
[WhiteElo "2574"]
[BlackElo "2396"]
[PlyCount "89"]
[EventDate "2014.06.12"]
[EventType "swiss"]
[EventRounds "9"]
[EventCountry "RUS"]
[SourceTitle "CBM 160 Extra"]
[Source "ChessBase"]
[SourceDate "2014.07.01"]
[SourceVersion "1"]
[SourceVersionDate "2014.07.01"]
[SourceQuality "1"]

1. e4 d6 2. d4 Nf6 3. f3 e5 4. d5 Be7 5. Be3 Nh5 6. Qd2 h6 7. Nc3 Bg5 8. g3 0-0 9. Nh3 Bxe3 10. Qxe3 f5 11. exf5 Bxf5 12. 0-0-0 Bh7 13. Be2 Qd7 14. Nf2 Qf7 15. Rhf1 Nd7 16. Qd2 Nc5 17. Nd3 Nxd3+ 18. Bxd3 Qd7 19. Bxh7+ Kxh7 20. Qe2 Qh3 21. f4 exf4 22. g4 Nf6 23. Rxf4 Rae8 24. Qd3+ Qxd3 25. Rxd3 Re1+ 26. Rd1 Rfe8 27. Rc4 R8e7 28. a4 Kg6 29. h4 Rxd1+ 30. Kxd1 h5 31. gxh5+ Kxh5 32. a5 a6 33. Kd2 Ng4 34. Rb4 Kxh4 35. Rxb7 Ne5 36. b4 Nf3+ 37. Kc1 g5 38. b5 g4 39. bxa6 g3 40. a7 Re8 41. Ne2 Rxe2 42. a8Q g2 43. Rb4+ Kg3 44. Qg8+ Kf2 45. a6 1-0

[Event "Voronezh op-A 18th"]
[Site "Voronezh"]
[Date "2014.06.16"]
[Round "5"]
[White "Ponomarev, Dmitry"]
[Black "Mozharov, Mikhail"]
[Result "1-0"]
[WhiteElo "2396"]
[BlackElo "2552"]
[PlyCount "82"]
[EventDate "2014.06.12"]
[EventType "swiss"]
[EventRounds "9"]
[EventCountry "RUS"]
[SourceTitle "CBM 160 Extra"]
[Source "ChessBase"]
[SourceDate "2014.07.01"]
[SourceVersion "1"]
[SourceVersionDate "2014.07.01"]
[SourceQuality "1"]

1. c4 Nf6 2. g3 g6 3. Bg2 Bg7 4. Nc3 0-0 5. e3 c6 6. d4 d5 7. cxd5 cxd5 8. Nge2 Nc6 9. 0-0 Bf5 10. Nf4 e6 11. h3 g5 12. Nd3 h6 13. b3 Rc8 14. Bb2 b6 15. Rc1 Ne4 16. Ba3 Re8 17. Nxe4 dxe4 18. Nb2 Qd5 19. Nc4 Red8 20. Qe2 Bg6 21. f3 Rc7 22. Kh2 exf3 23. Bxf3 Qd7 24. Qg2 Ne7 25. Nd6 Rxc1 26. Rxc1 e5 27. e4 h5 28. d5 f5 29. Be2 a6 30. Bxa6 fxe4 31. Nxe4 Ra8 32. Bxe7 Rxa6 33. Nf6+ Bxf6 34. Bxf6 Ra5 35. d6 e4 36. Rc7 Qxd6 37. Rg7+ Kf8 38. Rxg6 Kf7 39. Rh6 Rf5 40. Bxg5 Qd4 41. Bf4 e3 1-0

[Event "Voronezh op-A 18th"]
[Site "Voronezh"]
[Date "2014.06.12"]
[Round "1"]
[White "Ponomarev, Dmitry"]
[Black "Radkov, Bazhen D"]
[Result "1-0"]
[WhiteElo "2396"]
[BlackElo "2070"]
[PlyCount "65"]
[EventDate "2014.06.12"]
[EventType "swiss"]
[EventRounds "9"]
[EventCountry "RUS"]
[SourceTitle "CBM 160 Extra"]
[Source "ChessBase"]
[SourceDate "2014.07.01"]
[SourceVersion "1"]
[SourceVersionDate "2014.07.01"]
[SourceQuality "1"]

1. d4 Nf6 2. c4 g6 3. Nc3 Bg7 4. e4 d6 5. Be2 0-0 6. Bg5 c5 7. d5 h6 8. Bf4 a6 9. Qd2 Kh7 10. Nf3 Qa5 11. a4 Nbd7 12. h3 b5 13. cxb5 axb5 14. Bxb5 Nxe4 15. Nxe4 Qxb5 16. axb5 Rxa1+ 17. Ke2 Rxh1 18. Ne1 Nb6 19. b4 cxb4 20. Be3 Bf5 21. Bxb6 Bxe4 22. Bd4 Bxd5 23. Bxg7 Bc4+ 24. Kf3 Kxg7 25. Qd4+ Kh7 26. Qxc4 Rxe1 27. b6 Re5 28. b7 Rc5 29. Qxb4 Rb8 30. Qb6 Rc3+ 31. Ke2 e5 32. Qa7 Rxb7 33. Qxb7 1-0

[Event "Chigorin Memorial 21st"]
[Site "St Petersburg"]
[Date "2013.10.12"]
[Round "8"]
[White "Semenova, Elena"]
[Black "Ponomarev, Dmitry"]
[Result "0-1"]
[WhiteElo "2163"]
[BlackElo "2395"]
[PlyCount "76"]
[EventDate "2013.10.05"]
[EventType "swiss"]
[EventRounds "9"]
[EventCountry "RUS"]
[SourceTitle "CBM 156 Extra"]
[Source "ChessBase"]
[SourceDate "2013.10.22"]
[SourceVersion "1"]
[SourceVersionDate "2013.10.22"]
[SourceQuality "1"]

1. e4 c6 2. d4 d5 3. Nd2 dxe4 4. Nxe4 Bf5 5. Nc5 e5 6. Nxb7 Qb6 7. Nc5 exd4 8. Nb3 Bb4+ 9. Bd2 Nf6 10. a3 Bxd2+ 11. Qxd2 c5 12. 0-0-0 0-0 13. Bc4 Nbd7 14. Nf3 a5 15. a4 Ne4 16. Qf4 Bg6 17. Nh4 Nd6 18. Nxg6 hxg6 19. Nd2 Qc6 20. h4 Nxc4 21. Nxc4 Qxa4 22. Na3 Qb4 23. Rh3 Qb8 24. Qxb8 Nxb8 25. c3 Nc6 26. Nc2 Rfd8 27. cxd4 Nxd4 28. Nxd4 cxd4 29. Ra3 Rd5 30. Ra4 Rc8+ 31. Kb1 d3 32. Ra3 Rcd8 33. Kc1 Kh7 34. Rc3 Kh6 35. Kd2 Kh5 36. Ke3 d2 37. Rc2 Kxh4 38. Rcxd2 Re8+ 0-1

[Event "Voronezh op-A 17th"]
[Site "Voronezh"]
[Date "2013.06.18"]
[Round "6"]
[White "Ponomarev, Dmitry"]
[Black "Deviatkin, Andrei"]
[Result "1/2-1/2"]
[WhiteElo "2395"]
[BlackElo "2526"]
[PlyCount "81"]
[EventDate "2013.06.12"]
[EventType "swiss"]
[EventRounds "9"]
[EventCountry "RUS"]
[SourceTitle "EXT 2014"]
[Source "ChessBase"]
[SourceDate "2013.11.20"]
[SourceVersion "1"]
[SourceVersionDate "2013.11.20"]
[SourceQuality "1"]

1. d4 d5 2. c4 c6 3. Nf3 Nf6 4. Nc3 dxc4 5. a4 Bf5 6. Nh4 Bc8 7. Nf3 Bf5 8. Nh4 e6 9. Nxf5 exf5 10. e3 Bb4 11. Bxc4 0-0 12. 0-0 Nbd7 13. Qc2 Nb6 14. Bb3 Qd7 15. a5 Nbd5 16. f3 Rae8 17. Nxd5 Nxd5 18. e4 Nf6 19. Qc4 Be7 20. Bc2 Rd8 21. Rd1 fxe4 22. fxe4 Qg4 23. h3 Qh4 24. Qe2 c5 25. d5 Bd6 26. e5 Rde8 27. Ra4 Rxe5 28. Qf1 Qh5 29. Bf4 Rfe8 30. Qf3 Qxf3 31. gxf3 Re2 32. Bd3 Bxf4 33. Bxe2 Bd6 34. Kf2 Kf8 35. f4 Ke7 36. a6 b6 37. Bb5 Rg8 38. h4 Kd8 39. Kf3 Kc7 40. Bc6 Kd8 41. Rg1 1/2-1/2

[Event "Voronezh op-A 17th"]
[Site "Voronezh"]
[Date "2013.06.14"]
[Round "3"]
[White "Ponomarev, Dmitry"]
[Black "Pridorozhni, Aleksei"]
[Result "1/2-1/2"]
[WhiteElo "2382"]
[BlackElo "2512"]
[PlyCount "81"]
[EventDate "2013.06.12"]
[EventType "swiss"]
[EventRounds "9"]
[EventCountry "RUS"]
[SourceTitle "CBM 155 Extra"]
[Source "ChessBase"]
[SourceDate "2013.08.26"]
[SourceVersion "1"]
[SourceVersionDate "2013.08.26"]
[SourceQuality "1"]

1. d4 d5 2. c4 c5 3. cxd5 Nf6 4. dxc5 e6 5. Qa4+ Bd7 6. c6 bxc6 7. dxe6 Bxe6 8. Nf3 Qb6 9. e3 Bb4+ 10. Nbd2 0-0 11. a3 Bxd2+ 12. Nxd2 Bd5 13. Nf3 Nbd7 14. Bc4 Nc5 15. Qc2 Be4 16. Qe2 Rad8 17. 0-0 Nb3 18. Bxb3 Qxb3 19. Nd4 Qb7 20. f3 c5 21. fxe4 cxd4 22. exd4 Rxd4 23. e5 Re4 24. Qf3 Ng4 25. Bf4 Nxe5 26. Bxe5 Qb6+ 27. Qf2 Qxf2+ 28. Rxf2 Rxe5 29. Rc1 Re7 30. Rc5 g6 31. Rfc2 Rd8 32. Rc8 Rxc8 33. Rxc8+ Kg7 34. Kf2 Rd7 35. Ke2 Re7+ 36. Kf2 Rd7 37. Ke2 Re7+ 38. Kf2 Rd7 39. Ke2 Re7+ 40. Kf2 Rd7 41. Rc5 1/2-1/2

[Event "Voronezh op-A 17th"]
[Site "Voronezh"]
[Date "2013.06.13"]
[Round "2"]
[White "Yemelin, Vasily"]
[Black "Ponomarev, Dmitry"]
[Result "0-1"]
[WhiteElo "2580"]
[BlackElo "2382"]
[PlyCount "36"]
[EventDate "2013.06.12"]
[EventType "swiss"]
[EventRounds "9"]
[EventCountry "RUS"]
[SourceTitle "CBM 155 Extra"]
[Source "ChessBase"]
[SourceDate "2013.08.26"]
[SourceVersion "1"]
[SourceVersionDate "2013.08.26"]
[SourceQuality "1"]

1. e4 c6 2. d4 d5 3. e5 Bf5 4. Nf3 e6 5. Be2 Bb4+ 6. c3 Ba5 7. 0-0 h6 8. Ne1 Ne7 9. f4 Bb6 10. Be3 Nd7 11. Nd3 Qc7 12. Nd2 Bh7 13. Nb3 a5 14. Nbc5 Ba7 15. Nxd7 Qxd7 16. Nc5 Qc7 17. Bd3 Bxc5 18. dxc5 Bxd3 0-1

[Event "Izmailov Memorial op 16th"]
[Site "Tomsk"]
[Date "2012.08.07"]
[Round "2"]
[White "Labutin, Danila"]
[Black "Ponomarev, Dmitry"]
[Result "1/2-1/2"]
[WhiteElo "2099"]
[BlackElo "2391"]
[PlyCount "115"]
[EventDate "2012.08.06"]
[EventType "swiss"]
[EventRounds "9"]
[EventCountry "RUS"]
[SourceTitle "CBM 149 Extra"]
[Source "ChessBase"]
[SourceDate "2012.08.24"]
[SourceVersion "1"]
[SourceVersionDate "2012.08.24"]
[SourceQuality "1"]

1. e4 c6 2. d4 d5 3. Nc3 dxe4 4. Nxe4 Nf6 5. Nxf6+ gxf6 6. Nf3 Bf5 7. Bc4 e6 8. 0-0 Qc7 9. Nh4 Bg6 10. Qf3 Nd7 11. Bf4 Bd6 12. Bxd6 Qxd6 13. c3 0-0-0 14. b4 Kb8 15. a4 f5 16. a5 a6 17. Be2 Nf6 18. h3 Rhg8 19. Qe3 Bh5 20. Bxh5 Nxh5 21. Kh1 Nf4 22. Rg1 Nd5 23. Qd2 Nf6 24. Nf3 Ne4 25. Qe3 f6 26. Rgc1 Rg7 27. Rab1 Rdg8 28. Nh4 Rd7 29. Nf3 Ng5 30. Re1 f4 31. Qe2 Nxf3 32. Qxf3 Rg5 33. Re4 e5 34. Rbe1 Rdg7 35. Rg1 Qd5 36. c4 Qd6 37. c5 Qd5 38. dxe5 fxe5 39. Qe2 Ka7 40. f3 Rh5 41. Rd1 Qe6 42. Qf1 Rg3 43. Kh2 Qg6 44. Qf2 Qh6 45. Qf1 Qg5 46. Kh1 Rgxh3+ 47. gxh3 Qg3 48. Qg2 Rxh3+ 49. Kg1 Qh4 50. Rxe5 Rg3 51. Rd3 Qh3 52. Re2 Qf5 53. Rd8 Qh3 54. Rf8 Qh4 55. Kf1 Rxg2 56. Rxg2 Qh1+ 57. Kf2 Qh4+ 58. Kf1 1/2-1/2

[Event "Kemerovo op"]
[Site "Kemerovo"]
[Date "2011.07.26"]
[Round "2"]
[White "Ponomarev, Dmitry"]
[Black "Cheremnova, Tamara"]
[Result "0-1"]
[WhiteElo "2401"]
[BlackElo "2221"]
[PlyCount "114"]
[EventDate "2011.07.25"]
[EventType "swiss"]
[EventRounds "9"]
[EventCountry "RUS"]
[SourceTitle "EXT 2012"]
[Source "ChessBase"]
[SourceDate "2011.11.24"]
[SourceVersion "1"]
[SourceVersionDate "2011.11.24"]
[SourceQuality "1"]

1. d4 d5 2. Nf3 c6 3. c4 e6 4. Qc2 dxc4 5. Qxc4 b5 6. Qc2 Nf6 7. g3 Bb7 8. Bg2 Nbd7 9. 0-0 c5 10. Rd1 Rc8 11. Qb3 a6 12. Bg5 Qb6 13. e3 Be7 14. Nc3 c4 15. Qc2 b4 16. Nb1 0-0 17. Ne5 Bxg2 18. Nxd7 Nxd7 19. Bxe7 Rfe8 20. Kxg2 Rxe7 21. Nd2 Nf6 22. Rac1 Rec7 23. Nf1 h6 24. Qe2 c3 25. Rc2 Rc4 26. f3 a5 27. Qf2 a4 28. b3 axb3 29. axb3 R4c7 30. e4 Ra8 31. Ne3 Qa7 32. Nc4 Nd7 33. Qe2 Nb6 34. Nd6 Rd7 35. e5 Qa5 36. Nb5 Nd5 37. Kf2 Nc7 38. Nd6 Nd5 39. f4 Qb6 40. Nc4 Qa6 41. Qe4 Rad8 42. Qe2 Ra7 43. Qe4 Nc7 44. f5 exf5 45. Qxf5 Qe6 46. g4 Nb5 47. Qxe6 fxe6 48. Ke3 Rad7 49. d5 Rxd5 50. Rxd5 Rxd5 51. Ra2 Nd4 52. Ra8+ Kh7 53. Nb6 Nc2+ 54. Ke4 Rd4+ 55. Kf3 Rd3+ 56. Ke4 Re3+ 57. Kf4 g5# 0-1